Kanye West - Power - Statistics

General Stats
  • This quiz has been taken 7 times
    5 since last reset
  • The average score is 348 of 537
Answer Stats
Answer % Correct
a
100%
all
100%
an
100%
clock's
100%
Do
100%
do
100%
He
100%
hours
100%
I
100%
I'm
100%
it
100%
just
100%
me
100%
my
100%
My
100%
need
100%
No
100%
no
100%
now
100%
Now
100%
of
100%
on
100%
one
100%
power
100%
say
100%
So
100%
so
100%
that
100%
the
100%
The
100%
then
100%
they
100%
They
100%
ticking
100%
to
100%
Ye
100%
you
100%
You
100%
21st
75%
anybody
75%
at
75%
At
75%
be
75%
better
75%
bitch
75%
can
75%
century
75%
count
75%
doing
75%
don't
75%
ever
75%
every
75%
for
75%
from
75%
go
75%
got
75%
Got
75%
guess
75%
haters
75%
have
75%
his
75%
How
75%
in
75%
In
75%
is
75%
Is
75%
know
75%
living
75%
make
75%
man
75%
mean
75%
music
75%
nation
75%
nice
75%
niggas
75%
niggas'
75%
Obama's
75%
off
75%
own
75%
ring
75%
see
75%
seen
75%
shit
75%
should
75%
some
75%
something
75%
superhero
75%
than
75%
them
75%
theme
75%
this
75%
This
75%
trip
75%
was
75%
way
75%
We
75%
we
75%
Where
75%
who
75%
whole
75%
With
75%
with
75%
your
75%
abomination
50%
and
50%
And
50%
As
50%
ass
50%
asshole
50%
Austin
50%
bad
50%
bitches
50%
by
50%
conversation
50%
damn
50%
day
50%
dick
50%
drinkin'
50%
drivin'
50%
earlier
50%
end
50%
excitin'
50%
feeling
50%
fuck
50%
Fuck
50%
fuckin'
50%
God
50%
goin'
50%
hidin'
50%
home
50%
killing
50%
kiss
50%
let
50%
life
50%
Lost
50%
More
50%
needed
50%
ours
50%
out
50%
Powers
50%
pussy
50%
said
50%
start
50%
Stop
50%
survivin'
50%
that's
50%
time
50%
translation
50%
tripping
50%
Well
50%
well
50%
world
50%
y'all
50%
ain't
25%
alone
25%
beautiful
25%
but
25%
cast
25%
catching
25%
characteristic
25%
closed
25%
death
25%
everything
25%
gifted
25%
Huh
25%
huh
25%
I'll
25%
jumping
25%
letting
25%
lose
25%
motherfucker
25%
Motherfucker
25%
Napoleon
25%
nothing
25%
open
25%
prison's
25%
Reality
25%
rolling
25%
schizoid
25%
school's
25%
Screams
25%
SNL
25%
Tell
25%
Thinking
25%
thoughts
25%
Til
25%
too
25%
up
25%
will
25%
window
25%
world's
25%
being
0%
broken
0%
brought
0%
child
0%
childlike
0%
chosen
0%
Colin
0%
couldn't
0%
creativity
0%
crowded
0%
cruel
0%
custody
0%
diamond
0%
down
0%
egotistic
0%
embody
0%
encrusted
0%
entrusted
0%
fighting
0%
furs
0%
girls
0%
goalies
0%
goodnight
0%
gotta
0%
grown
0%
he's
0%
honestly
0%
honesty
0%
ice
0%
inner
0%
jokes
0%
Kelly
0%
knows
0%
light
0%
look
0%
mind
0%
minded
0%
Mmm
0%
moment
0%
Mongolian
0%
morning
0%
much
0%
ones
0%
piece
0%
powder
0%
Powells
0%
pretty
0%
purity
0%
responsibilities
0%
Rowlands
0%
short
0%
skinned
0%
specifically
0%
system
0%
Taking
0%
these
0%
treasures
0%
vault
0%
white
0%
Yeezy
0%
No matching quizzes found
Score Distribution
Percent of People with Each Score
Percentile by Number Answered
Your Score History
You have not taken this quiz since the last reset